00442nam a2200181 a 4500001001300000003000900013005001700022008004100039020000800080082001700088100002100105245001800126260003400144300000900178500003500187505001700222700002100239nice12345678IN_TiNIC20260116012930.0050524s1918 teha grs 000 0 31g  ac000a891.51bSAF2 aSafa, Zabihullah aGanj-E-Sukhan aTehranbDanishgah Pressc1918 a330p aincludes index and biblioraphy2 aBibliography1 aSafa, Zabihullah